000 00830nam a2200229 i 4500
001 184213
003 ES-MaACL
005 20230906222115.0
008 150508s1970 sp ao |||| |bspa d
080 _a929:75 Leonardo da Vinci
100 1 _aBortolon, Liana.
_9156820
245 1 0 _aLeonardo /
_ctexto de Liana Bortolón ; traducción y adaptación de Mª Dolores Sánchez Díaz y M. García-Viñó.
260 _aMadrid :
_bPrensa Española,
_c[1970]
300 _a75 p. :
_bil. col. y n. ;
_c29 cm.
490 1 _aGrandes de todos los tiempos
598 _aPublicación mensual; jul. 1970.
600 1 4 _aLeonardo da Vinci,
_d1452-1519
_971671
700 1 _aGarcía Viñó, M.
_955416
830 0 _aGrandes de todos los tiempos
_9184021
852 _aES-MaACL
_jE-15613
_z. - enc. cart.
999 _c184213
_d184213